000 00276nam a2200121Ia 4500
008 191201s2009 xx 000 0 und d
100 _aPATHI,K.M.
245 0 _aCompensation Managment
260 _aN. delhi
_bVikas Pub
_c2009
300 _a288
650 _aMBA
942 _2ddc
_cBK
999 _c283
_d283